000 00249nam a2200097Ia 4500
008 230508s1998 xx 000 0 und d
041 _aeng
100 _aJAIN P.L.
245 _aTOOL ENGINEERING FOR METAL CASTING PROC 2NDED
260 _bSTANDERD
_c1998
999 _c343883
_d343883